<?xml version="1.0" encoding="UTF-8"?>
<collection xmlns="http://www.loc.gov/MARC21/slim">
    <record>
        <controlfield tag="001">46647</controlfield>
        <controlfield tag="005">20170831220544.0</controlfield>
        <datafield tag="037" ind1=" " ind2=" ">
            <subfield code="a">GDOC-2011-1748</subfield>
        </datafield>
        <datafield tag="041" ind1=" " ind2=" ">
            <subfield code="a">spa</subfield>
        </datafield>
        <datafield tag="100" ind1=" " ind2=" ">
            <subfield code="0">(orcid)0000-0002-0544-0182</subfield>
            <subfield code="a">Fernández Cuello, Ángel</subfield>
        </datafield>
        <datafield tag="245" ind1="0" ind2="0">
            <subfield code="9">67112</subfield>
            <subfield code="a">Diseño avanzado de componentes mecánicos</subfield>
        </datafield>
        <datafield tag="260" ind1=" " ind2=" ">
            <subfield code="a">Zaragoza</subfield>
            <subfield code="b">Universidad de Zaragoza</subfield>
            <subfield code="c">2011-2012</subfield>
        </datafield>
        <datafield tag="520" ind1=" " ind2=" ">
            <subfield code="a"> Caracterización dinámica de sistemas mecánicos. Introducción al análisis elastodinámico de sistemas mecánicos. Diseño avanzado de levas, engranajes y rodamientos. Diseño avanzado de mecanismos asistido por ordenador. Caracterización dinámica de sistemas mecánicos.Introducción al análisis elastodinámico de sistemas mecánicos.Diseño avanzado de levas, engranajes y rodamientos.Diseño avanzado de mecanismos asistido por ordenador.</subfield>
        </datafield>
        <datafield tag="521" ind1=" " ind2=" ">
            <subfield code="9">642</subfield>
            <subfield code="a">Máster Universitario en Sistemas Mecánicos</subfield>
        </datafield>
        <datafield tag="540" ind1=" " ind2=" ">
            <subfield code="a">by-nc-sa</subfield>
            <subfield code="b">Creative Commons</subfield>
            <subfield code="c">3.0</subfield>
            <subfield code="u">http://creativecommons.org/licenses/by-nc-sa/3.0/</subfield>
        </datafield>
        <datafield tag="700" ind1=" " ind2=" ">
            <subfield code="0">(orcid)0000-0003-3909-5599</subfield>
            <subfield code="a">Sánchez Tabuenca, Beatriz</subfield>
        </datafield>
        <datafield tag="700" ind1=" " ind2=" ">
            <subfield code="0">(orcid)0000-0002-8008-4819</subfield>
            <subfield code="a">Javierre Lardiés, Carlos Francisco</subfield>
        </datafield>
        <datafield tag="700" ind1=" " ind2=" ">
            <subfield code="0">(orcid)0000-0003-4230-7900</subfield>
            <subfield code="a">Clavería Ambroj, Isabel</subfield>
        </datafield>
        <datafield tag="830" ind1=" " ind2=" ">
            <subfield code="9">322</subfield>
        </datafield>
        <datafield tag="856" ind1="4" ind2=" ">
            <subfield code="s">80482</subfield>
            <subfield code="u">http://zaguan.unizar.es/record/46647/files/guia.pdf</subfield>
            <subfield code="y">Guía (idioma español)</subfield>
        </datafield>
        <datafield tag="980" ind1=" " ind2=" ">
            <subfield code="a">GDOC</subfield>
            <subfield code="b">Ingeniería y Arquitectura</subfield>
            <subfield code="c">110</subfield>
        </datafield>
    </record>

    
</collection>